书目信息 |
| 题名: |
会计学学习指导与考试指南
|
|
| 作者: | 陈金龙 主编 | |
| 分册: | ||
| 出版信息: | 北京 机械工业出版社 2005.03 |
|
| 页数: | 277页 | |
| 开本: | 24cm | |
| 丛书名: | ||
| 单 册: | ||
| 中图分类: | F230-42 | |
| 科图分类: | ||
| 主题词: | 会计学--kuai ji xue--高等学校--学习参考资料 | |
| 电子资源: | ||
| ISBN: | 7-111-16138-6 | |
| 000 | 00837nam0 2200241 450 | |
| 001 | 012006511494 | |
| 005 | 20060912162844.93 | |
| 010 | @a7-111-16138-6@dCNY22.00 | |
| 100 | @a20060621d2005 km y0chiy0120 ea | |
| 101 | 0 | @achi |
| 102 | @aCN@b110000 | |
| 105 | @aa a 000yy | |
| 200 | 1 | @a会计学学习指导与考试指南@Akuai ji xue xue xi zhi dao yu kao shi zhi nan@f陈金龙主编@Fchen jin long zhu bian |
| 210 | @a北京@c机械工业出版社@d2005.03 | |
| 215 | @a277页@c图@d24cm | |
| 300 | @a高等学校教材 | |
| 320 | @a有书目。 | |
| 330 | @a本书是《会计学》的配套教材。全书分三部分:第一部分为学习要点与练习题、第二部分为模拟试题、第三部分为参考答案。 | |
| 606 | 0 | @a会计学@Akuai ji xue@x高等学校@j学习参考资料 |
| 690 | @aF230-42@v4 | |
| 701 | 0 | @a陈金龙@Achen jin long@4主编 |
| 801 | 0 | @aCN@bQSSK@c20060912 |
| 905 | @a10447@dF230-42@eC473 | |
| 会计学学习指导与考试指南/陈金龙主编.-北京:机械工业出版社,2005.03 |
| 277页:图;24cm |
| 高等学校教材 |
| ISBN 7-111-16138-6:CNY22.00 |
| 本书是《会计学》的配套教材。全书分三部分:第一部分为学习要点与练习题、第二部分为模拟试题、第三部分为参考答案。 |
| ● |
| 相关链接 |
|
|
|
正题名:会计学学习指导与考试指南
索取号:F230-42/C473
 
预约/预借
| 序号 | 登录号 | 条形码 | 馆藏地/架位号 | 状态 | 备注 |
| 1 | 590418 | 205904182 | 社科库409/409社科库 75排4列1层/ [索取号:F230-42/C473] | 在馆 | |
| 2 | 590419 | 205904191 | 社科库409/409社科库 75排4列1层/ [索取号:F230-42/C473] | 在馆 | |
| 3 | 590420 | 205904208 | 社科库409/409社科库 75排4列1层/ [索取号:F230-42/C473] | 在馆 |